Top 25 Largest US states - Statistics

General Stats
  • This quiz has been taken 67 times
  • The average score is 22 of 25
Answer Stats
Hint Answer % Correct
423,967 California
100%
1,717,854 Alaska
97%
695,663 Texas
97%
295,234 Arizona
94%
170,312 Florida
94%
183,108 North Dakota
94%
199,729 South Dakota
94%
213,100 Kansas
92%
286,380 Nevada
92%
314,917 New Mexico
92%
184,661 Washington
92%
216,443 Idaho
90%
269,601 Colorado
89%
380,831 Montana
87%
254,800 Oregon
87%
219,882 Utah
87%
153,910 Georgia
84%
250,487 Michigan
84%
225,163 MInnesota
84%
253,335 Wyoming
84%
149,995 Illinois
83%
180,540 Missouri
81%
200,330 Nebraska
79%
169,635 Wisconsin
79%
181,037 Oklahoma
78%
No matching quizzes found
Score Distribution
Percent of People with Each Score
Percentile by Number Answered
Your Score History
You have not taken this quiz